00739nam a22001937a 450000500170000001000150001702000230003203500130005503700130006808200080008110000210008924501200011026000470023027000650027730000310034294200220037399900170039595201330041220140417150413.0 aENG-109301 a8172540620c240.00 aEN-92834 bDBAD/PUB a000 aSubburaj, V.V.K. aSura's super guide Air force recruitment examination :cby V.V.K. Subburajbselection of airmen : technical cadre / aChennaibSura College of Competitionc2012 a1620, 'J' Block, 16th Main Road, Anna NagarbChennaie600040 avaroius pagingsc25cm(pbk) 2ddccENmSUBh000 c82529d82529 001040718NFICaDBADbDBADd2014-02-14eDBAD/PUBg240.00l0o000 SUBpEN-92834r2014-02-14 00:00:00t1v240.00w2014-02-14yEN